000 00720nam a2200217 i 4500
001 143756
003 ES-MaACL
005 20250604062544.0
007 t|
008 070214s1968 sp r ||||1| spa d
100 1 _aSevilla Andrés, Diego.
_9105934
245 1 0 _aHistoria política de España
_b: (1800-1967) /
_cDiego Sevilla Andrés.
260 _aMadrid :
_bEd. Nacional,
_c1968 (
_fUguina)
300 _aXIV, 627 p. ;
_c24 cm.
490 1 _aMundo Científico. Serie Jurídica
651 7 _aEspaña-
_xHistoria-
_yS.XIX
_2
_9142005
651 4 _aEspaña-
_xHistoria-
_yS.XX.
_9138832
830 0 _aMundo Científico. Serie Jurídica
_9220602
852 _aES-MaACL
_jG-4040
_bR.66160
999 _c143756
_d143756